000
00294nam a2200133Ia 4500
008
100415s9999 xx 000 0 und d
082
_b
9662
_a
598.252(47)
245
_a
Bird Migration
260
_c
0
365
_b
0
630
_a
Bird Migration
730
_a
Bird Migration
942
_c
BOOK
999
_c
592598
_d
592595